MARC

LEADER 00000nam0a2200000 4500
001 291112
005 20231102000344.0
020 |a RU  |b 84-903 
035 |a (RuTPU)RU\TPU\book\315674 
090 |a 291112 
100 |a 20150410d1983 km y0rusy5003 ca 
101 0 |a rus 
102 |a UA 
105 |a a z 001zy 
200 1 |a Каталитические свойства "бета"-дикетонатов металлов  |f Ю. Н. Низельский  |g Академия наук Украинской ССР (АН УССР), Институт органической химии (ИОХ) 
210 |a Киев  |c Наукова думка  |d 1983 
215 |a 128 с.  |c ил. 
320 |a Библиогр.: с. 104-126 
606 1 |a бета-Дикетоны  |x Комплексные соединения с металлами  |2 stltpush  |3 (RuTPU)RU\TPU\subj\76489  |9 87548 
610 1 |a каталитические свойства 
610 1 |a активаторы 
610 1 |a свободнорадикальные реакции 
610 1 |a полимеризация 
610 1 |a мономеры 
610 1 |a окисление 
610 1 |a конденсация 
610 1 |a структура 
610 1 |a комплексообразование 
675 |a 547.44  |v 3 
700 1 |a Низельский  |b Ю. Н.  |g Юрий николаевич  |4 070 
712 0 2 |a Академия наук Украинской ССР (АН УССР)  |b Институт органической химии (ИОХ)  |c (Киев)  |2 stltpush  |3 (RuTPU)RU\TPU\col\19750 
801 0 |a RU  |b RuMRKP  |c 19950704  |g psbo 
801 1 |a RU  |b 63413507  |c 20150410 
801 2 |a RU  |b 63413507  |c 20190111  |g RCR 
942 |c BK